| 000 | 00607 a2200229 4500 | ||
|---|---|---|---|
| 005 | 20260417121510.0 | ||
| 008 | 260416b |||||||| |||| 00| 0 eng d | ||
| 020 |
_a9781319381493 _c£ 82.99 |
||
| 040 | _aMAIN | ||
| 082 |
_a574.192 _bL528L(8) |
||
| 100 | _aNelson, David L | ||
| 245 | _aLehninger principles of biochemistry | ||
| 250 | _a8th | ||
| 260 |
_bMacmillan International Higher Education _c2021 _aNew York |
||
| 300 | _axxxiii, 1096 | ||
| 650 | _aLife Sciences | ||
| 650 | _aBiochemistry | ||
| 650 | _aBiology | ||
| 700 | _aCox, Michael M | ||
| 700 | _aHoskins, Aaron A | ||
| 942 | _cBK | ||
| 999 |
_c394083 _d394083 |
||